[Event "Western Idaho Open"]
[Site "Boise, ID"]
[Date "2014.12.13"]
[Round "1.101"]
[White "Sanderson, Kenneth"]
[Black "Lucky, David"]
[Result "0-1"]
[WhiteElo "1577"]
[BlackElo "2375"]
[EventRounds "5"]
[EventCountry "USA"]

1. e4 e6 2. d3 d5 3. Nd2 c5 4. Ngf3 Nc6 5. g3 Bd6 6. Bg2 Nge7 7. O-O O-O 8.
Nh4 f6 9. f4 b5 10. Nhf3 c4 11. d4 Qb6 12. c3 e5 13. f5 exd4 14. cxd4 Nxd4 15.
Kh1 Nxf3 16. Qxf3 Bb7 17. Qg4 d4 18. Nf3 Nc6 19. Bh6 Rf7 20. Rad1 d3 21. Bd2
Re8 22. Rfe1 Rfe7 23. Bh6 Kh8 24. Be3 Bc5 25. Bxc5 Qxc5 26. Nd2 Nb4 27. a3 Nc2
{#R} 0-1

[Event "Western Idaho Open"]
[Site "Boise, ID"]
[Date "2014.12.13"]
[Round "2.103"]
[White "Pitre, H G."]
[Black "Buus, Jarod N"]
[Result "1-0"]
[WhiteElo "1879"]
[BlackElo "1671"]
[EventRounds "5"]
[EventCountry "USA"]

1. c4 c5 2. Nc3 Nc6 3. g3 d6 4. Bg2 e5 5. d3 Nge7 6. a3 g6 7. Bg5 Bg7 8. Nd5
O-O 9. Bf6 Be6 10. Bxg7 Kxg7 11. e3 Bxd5 12. cxd5 Qa5+ 13. Kf1 Nb8 14. Ne2 Nd7
15. Nc3 f5 16. f4 Rae8 17. Qd2 b5 18. Re1 b4 19. Ne2 Qb5 20. Kf2 Nf6 21. e4
fxe4 22. dxe4 Qb6 23. Bf3 Nexd5 24. exd5 e4 25. Ng1 exf3 26. Nxf3 Ne4+ 27.
Rxe4 Rxe4 28. Ng5 Rfe8 29. Nxe4 Rxe4 30. Kf3 Rd4 31. Qe1 Rxd5 32. Qe7+ Kh6 33.
Qf8+ Kh5 34. g4+ Kh4 35. Qe7+ {#r} 1-0

[Event "Western Idaho Open"]
[Site "Boise, ID"]
[Date "2014.12.13"]
[Round "3.101"]
[White "Woro, Eric"]
[Black "Lucky, David"]
[Result "0-1"]
[WhiteElo "1761"]
[BlackElo "2375"]
[EventRounds "5"]
[EventCountry "USA"]

1. e4 e6 2. d4 d5 3. e5 c5 4. c3 Qb6 5. Nf3 Nc6 6. a3 Nh6 7. Bxh6 Qxb2 8. Bc1
Qxa1 9. Qc2 c4 10. Nfd2 Nxd4 11. cxd4 Qxd4 12. Nf3 Qg4 13. h3 Qg6 14. Qb2 Be7
15. Qb5+ Bd7 16. Qxb7 O-O 17. Be2 Rfd8 18. Nbd2 c3 19. Nf1 Qc2 20. Be3 Rab8
{#R} 0-1

[Event "Western Idaho Open"]
[Site "Boise, ID"]
[Date "2014.12.14"]
[Round "4.101"]
[White "Lucky, David"]
[Black "Pitre, H G."]
[Result "1-0"]
[WhiteElo "2375"]
[BlackElo "1879"]
[EventRounds "5"]
[EventCountry "USA"]

1. e4 c6 2. d4 d5 3. exd5 cxd5 4. c4 Nf6 5. Nc3 e6 6. Nf3 Bb4 7. Bd3 Nc6 8.
O-O h6 9. a3 Bxc3 10. bxc3 Qc7 11. cxd5 exd5 12. Re1+ Be6 13. Ne5 Ne4 14. Bxe4
dxe4 15. Rxe4 O-O-O 16. Bf4 Qa5 17. c4 Rxd4 18. Rxd4 Nxe5 19. Bxe5 Qxe5 20.
Qd2 {#r} 1-0

[Event "Idaho Closed"]
[Site "Twin Falls, ID"]
[Date "2015.02.14"]
[Round "2.9"]
[White "Shouse, Donald L"]
[Black "Landon, Lloyd"]
[Result "0-1"]
[WhiteElo "1154"]
[BlackElo "1923"]
[EventRounds "6"]
[EventCountry "USA"]

1. d4 Nf6 2. Nf3 g6 3. e3 Bg7 4. Bd3 O-O 5. Nc3 d5 6. O-O b6 7. Re1 Bb7 8. h3
Nbd7 9. Bd2 c5 10. b3 Re8 11. Rb1 e5 12. dxe5 Nxe5 13. Nxe5 Rxe5 14. Ne2 Rc8
15. c4 dxc4 16. Bc2 Rd5 17. Qc1 Rxd2 18. Rd1 Rxd1+ 19. Bxd1 Be4 20. Bc2 Bxc2
21. Qxc2 Qd3 22. Qd1 Rd8 23. Qf1 c3 24. Nxc3 Qxc3 25. Qa6 Qa5 {#R} 0-1

[Event "Idaho Closed"]
[Site "Twin Falls, ID"]
[Date "2015.02.16"]
[Round "5.6"]
[White "Zaklan, David Allen"]
[Black "Landon, Lloyd"]
[Result "0-1"]
[WhiteElo "1483"]
[BlackElo "1923"]
[EventRounds "6"]
[EventCountry "USA"]

1. d4 Nf6 2. c4 g6 3. Nf3 Bg7 4. Nbd2 O-O 5. e3 d5 6. b3 Bf5 7. Bb2 Ne4 8. Be2
c6 9. Rc1 Na6 10. cxd5 Qxd5 11. Bc4 Qa5 12. a4 Bg4 13. O-O Nd6 14. Bc3 Nb4 15.
Be2 Qb6 16. h3 Be6 17. Ng5 Bd7 18. Nge4 Na2 19. Rc2 Nxe4 20. Nxe4 Nxc3 21.
Rxc3 e5 22. Nc5 Rad8 23. Rd3 exd4 24. exd4 Bf5 25. Rf3 Bxd4 26. Nd3 Be6 27.
Qc1 Bd5 28. Rg3 Bxb3 29. Qh6 Bg7 30. Qh4 Be6 31. Nf4 Rd4 32. Rg4 Bxg4 33. Qxg4
Re8 34. Bf3 Qb4 35. g3 f5 36. Qg5 Qe7 37. Qxe7 Rxe7 38. Bd1 Rd2 39. Bb3+ Kh8
40. Ne6 Bc3 41. Nf4 Rb2 42. Bd1 Rb1 43. Be2 Rxf1+ 44. Kxf1 Re4 45. Kg2 Rxa4
46. Ne6 Re4 47. Nf4 g5 48. Bf3 gxf4 49. Bxe4 fxe4 50. gxf4 a5 51. f5 a4 52. f4
a3 53. Kf2 a2 54. Ke3 Bd2+ 55. Kxe4 a1=Q 56. h4 Qf6 57. h5 b5 58. h6 b4 59.
Kd3 Qc3+ 60. Ke4 b3 61. f6 Qxf6 62. f5 b2 63. Kd3 b1=Q+ 64. Kxd2 Qb3 65. Ke2
Qfb2+ 66. Ke1 Qg3+ 67. Kf1 Qgf2# 0-1

[Event "Idaho Open"]
[Site "Boise, ID"]
[Date "2015.06.20"]
[Round "2.5"]
[White "Nyblade, Wesley"]
[Black "Gorman, Cody A M"]
[Result "0-1"]
[WhiteElo "1556"]
[BlackElo "1885"]
[EventRounds "5"]
[EventCountry "USA"]

1. Nf3 Nf6 2. g3 d5 3. Bg2 Bf5 4. O-O h6 5. d3 e6 6. Re1 Be7 7. Nbd2 c6 8. b3
O-O 9. Bb2 Bh7 10. Ne5 Nbd7 11. e4 Bc5 12. Nxd7 Nxd7 13. e5 Qb6 14. Qe2 a5 15.
Nf3 a4 16. d4 Be7 17. Rec1 Rfc8 18. Bc3 c5 19. Qd2 Qc6 20. Ne1 cxd4 21. Bxd4
Ba3 22. Rd1 Bxc2 23. Nxc2 Qxc2 24. Qxc2 Rxc2 25. Bf1 Bb2 26. Bxb2 Rxb2 27. f4
axb3 28. axb3 Rxa1 29. Rxa1 Rxb3 30. Ra8+ Kh7 31. Ra7 Nc5 32. Kg2 Rb2+ 33. Kh3
d4 34. Ra3 Rb3 35. Ra2 d3 36. Rd2 Ne4 37. Rg2 d2 38. Be2 Re3 39. Bd1 Re1 40.
Bc2 d1=Q 41. Bxd1 Rxd1 42. Rb2 Rd7 43. Kg4 Nc3 44. Rb3 Nd5 45. h4 b6 46. Kf3
Rc7 47. Ke4 Rc3 48. Rxc3 Nxc3+ 49. Kd3 Nd5 50. Ke4 b5 51. g4 b4 52. f5 g6 53.
h5 gxh5 54. gxh5 exf5+ {#R} 0-1

[Event "Idaho Open"]
[Site "Boise, ID"]
[Date "2015.06.20"]
[Round "3.2"]
[White "Gorman, Cody A M"]
[Black "Buus, Jarod N"]
[Result "1-0"]
[WhiteElo "1885"]
[BlackElo "1730"]
[EventRounds "5"]
[EventCountry "USA"]

1. d4 d5 2. c4 c6 3. Nf3 e6 4. e3 Nf6 5. b3 Bb4+ 6. Nbd2 Nbd7 7. Bd3 Qe7 8.
Bb2 b6 9. a3 Bd6 10. b4 e5 11. dxe5 Nxe5 12. Nxe5 Bxe5 13. Bxe5 Qxe5 14. O-O
Ng4 15. Nf3 Qe6 16. cxd5 Qxd5 17. Qc2 Bb7 18. Bc4 Qh5 19. Qe4+ Kf8 20. Qf4 Nf6
21. Qc7 {#r} 1-0

[Event "Idaho Open"]
[Site "Boise, ID"]
[Date "2015.06.21"]
[Round "4.1"]
[White "Lucky, David"]
[Black "Gorman, Cody A M"]
[Result "1-0"]
[WhiteElo "2379"]
[BlackElo "1885"]
[EventRounds "5"]
[EventCountry "USA"]

1. Nf3 b6 2. g3 Bb7 3. Bg2 Nf6 4. O-O c5 5. c4 e6 6. Nc3 Be7 7. d4 cxd4 8.
Qxd4 Nc6 9. Qf4 a6 10. Rd1 d6 11. b3 O-O 12. Ba3 Ne8 13. Ne4 e5 14. Qd2 Qc7
15. Nc3 Na7 16. Ne1 Rd8 17. Bxb7 Qxb7 18. Nd5 Nc8 19. Ng2 f5 20. f4 Nf6 21.
Nge3 exf4 22. Nxf4 Ne4 23. Qd5+ Qxd5 24. Rxd5 Bg5 25. Neg2 Ne7 26. Rd3 Nc5 27.
Bxc5 Bxf4 28. Bxb6 {#r} 1-0

[Event "BCC #8"]
[Site "Boise, ID"]
[Date "2015.07.25"]
[Round "2.1"]
[White "Glenn, John Dennis"]
[Black "Buus, Jarod N"]
[Result "1/2-1/2"]
[WhiteElo "1906"]
[BlackElo "1727"]
[EventRounds "4"]
[EventCountry "USA"]

1. d4 d5 2. c4 c6 3. cxd5 cxd5 4. Nf3 Nf6 5. Nc3 Nc6 6. Bf4 a6 7. e3 Bf5 8.
Ne5 Rc8 9. Be2 e6 10. O-O Bd6 11. Qa4 O-O 12. f3 Nb4 13. Rac1 b5 14. Qb3 Qb6
15. Rfd1 Bc2 16. Rxc2 Nxc2 17. Qxc2 b4 18. Qb3 Nh5 19. Na4 Qc7 20. Nc5 g5 21.
Nxa6 Qc2 22. Qxc2 Rxc2 23. Bd3 Rxb2 24. Bg3 Ra8 25. Nc6 Nxg3 26. hxg3 Rxa2 27.
Naxb4 Bxb4 28. Nxb4 Rb2 29. Nc2 Raa2 30. Ne1 Ra3 31. g4 Kg7 32. Kf1 f6 33. Nc2
Rxd3 {#d} 1/2-1/2

[Event "BCC #8"]
[Site "Boise, ID"]
[Date "2015.07.25"]
[Round "4.2"]
[White "Glenn, John Dennis"]
[Black "Zaklan, David"]
[Result "0-1"]
[WhiteElo "1906"]
[BlackElo "1476"]
[EventRounds "4"]
[EventCountry "USA"]

1. d4 d5 2. c4 Nf6 3. cxd5 Nxd5 4. Nf3 Bf5 5. g3 e6 6. Bg2 Be7 7. O-O O-O 8.
Ne5 Bg6 9. Qb3 b6 10. Rd1 c6 11. Nxg6 hxg6 12. e4 Nf6 13. Nc3 Nbd7 14. Bg5 Re8
15. Qa4 b5 16. Qc2 Qb6 17. e5 Nd5 18. Bxe7 Rxe7 19. Ne4 Rc8 20. Nd6 Rc7 21.
Bxd5 cxd5 22. Qd3 a6 23. Rac1 Nb8 24. b4 Nc6 25. a3 Red7 26. Rc5 Ne7 27. Rdc1
Qb8 28. g4 Qb6 29. Qc3 Rxc5 30. Qxc5 Qb8 31. Rc3 Rd8 32. Kf1 g5 33. Ke2 Ng6
34. Qc7 Nf4+ 35. Kf3 Rf8 36. Qxb8 Rxb8 37. Rc6 Ra8 38. Nb7 Nd3 39. Nc5 Ne1+
40. Ke2 Nc2 41. Nxa6 Nxd4+ {#R} 0-1

[Event "BCC #9"]
[Site "Boise, ID"]
[Date "2015.08.29"]
[Round "1.7"]
[White "Hawkins, Nicholas B"]
[Black "Chimenton, Andrea"]
[Result "1/2-1/2"]
[WhiteElo "1543"]
[BlackElo "1901"]

1. e4 e5 2. Bc4 Nf6 3. d3 Be7 4. f4 d6 5. Nf3 Nc6 6. c3 O-O 7. f5 Na5 8. Bb3
Nxb3 9. axb3 c6 10. O-O Qb6+ 11. Kh1 Ng4 12. d4 Nf6 13. Nbd2 Qc7 14. Qe1 Re8
15. h3 Nh5 16. dxe5 dxe5 17. Nc4 Bd6 18. g4 Nf4 19. Nxd6 Qxd6 20. Bxf4 exf4
21. Rd1 Qh6 22. Qh4 Qxh4 23. Nxh4 b6 24. Rxf4 f6 25. Nf3 c5 26. g5 Bb7 27. Re1
Rad8 28. gxf6 gxf6 29. Kh2 Kh8 30. Re2 Rd7 31. Rd2 Rde7 32. Rd6 Rxe4 33. Rxe4
Bxe4 34. Nh4 Kg7 35. Rd7+ Kh6 36. Rxa7 Bc2 37. Rb7 Bxb3 38. Rxb6 Bd5 39. Rd6
Bb7 40. Kg3 Re3+ 41. Kf4 Re4+ 42. Kg3 Re3+ 43. Kf2 Rxh3 44. Rxf6+ Kg5 45. Rb6
Bd5 46. Rd6 Bb7 47. Rd7 Bc6 48. Rxh7 Rxh4 49. Rxh4 Kxh4 50. f6 Bd5 51. b4 cxb4
52. cxb4 Kg5 53. Ke3 Kxf6 {#d} 1/2-1/2

[Event "BCC #9"]
[Site "Boise, ID"]
[Date "2015.08.29"]
[Round "2.4"]
[White "Chimenton, Andrea"]
[Black "Nathan, Oliver Eli"]
[Result "1-0"]
[WhiteElo "1901"]
[BlackElo "213"]

1. d4 d5 2. c4 dxc4 3. e4 Nc6 4. Be3 Nf6 5. Nc3 Bg4 6. f3 Nb4 7. fxg4 Nd3+ 8.
Bxd3 cxd3 9. Qxd3 e6 10. Nf3 Nxg4 11. Bg5 Be7 12. Bxe7 Qxe7 13. O-O O-O 14. h3
Nf6 15. e5 Nd5 16. Nxd5 exd5 17. a3 b6 18. Rac1 c5 19. dxc5 bxc5 20. Qxd5 Rad8
21. Qxc5 Qe8 22. Qxa7 Ra8 23. Qf2 Rc8 24. Rc2 Rxc2 25. Qxc2 f6 26. Qc4+ Rf7
27. e6 Re7 28. Nd4 Qb8 29. b4 Qa8 30. Kh1 Qxa3 31. Qc8+ Re8 32. Qxe8# 1-0

[Event "BCC #9"]
[Site "Boise, ID"]
[Date "2015.08.29"]
[Round "4.2"]
[White "Buus, Jarod N"]
[Black "Chimenton, Andrea"]
[Result "1-0"]
[WhiteElo "1703"]
[BlackElo "1901"]

1. e4 e5 2. Nf3 Nf6 3. Nxe5 d6 4. Nf3 Nxe4 5. d4 d5 6. Bd3 Be7 7. Nc3 Nxc3 8.
bxc3 O-O 9. h3 c5 10. dxc5 h6 11. Ba3 Nd7 12. Qd2 Nxc5 13. Bxc5 Bxc5 14. O-O
Be6 15. Nd4 Rc8 16. Rfe1 Qf6 17. Re3 Qg5 18. Qe2 Bxd4 19. cxd4 Qf6 20. c3 Kh8
21. Rf3 Qg5 22. Qb2 Qe7 23. Re1 Qc7 24. Bb1 Qd7 25. Qc2 f5 26. Rfe3 Rce8 27.
Qe2 Bf7 28. Qf3 Rxe3 29. Rxe3 Be6 30. g4 f4 31. Re5 g5 32. Qd3 Qf7 33. Rxe6
{#r} 1-0

[Event "SIO (Open)"]
[Site "Twin Falls, ID"]
[Date "2015.11.14"]
[Round "1.2"]
[White "Barney, Kim"]
[Black "Glenn, John Dennis"]
[Result "0-1"]
[WhiteElo "1640"]
[BlackElo "1868"]
[EventRounds "4"]
[EventCountry "USA"]

1. e4 e5 2. Nf3 Nf6 3. Nxe5 d6 4. Nf3 Nxe4 5. Bc4 d5 6. Bb3 Be7 7. O-O Nc6 8.
Qe2 O-O 9. d4 Bg4 10. c3 a6 11. h3 Bf5 12. Bf4 Re8 13. Nbd2 Bf6 14. Rfe1 Qd7
15. Qd1 Re7 16. Nxe4 Bxe4 17. Bc2 Rae8 18. Be3 Qf5 19. Bxe4 Rxe4 20. Qc2 Qh5
21. Qb3 Na5 22. Qa4 Nc4 23. b3 Nd6 24. Qd7 R4e7 25. Qa4 c6 26. Qb4 Ne4 27. Bf4
Qf5 28. Bh2 Nd2 29. Rxe7 Nxf3+ 30. gxf3 Bxe7 31. Re1 Bxb4 32. Rxe8+ Bf8 33.
Bd6 h6 34. Rxf8+ Kh7 35. Bg3 Qxf3 36. Rb8 Qxc3 37. Rxb7 f6 38. Rb6 Qxd4 39.
Rxc6 Qa1+ 40. Kg2 Qxa2 41. b4 d4 42. Rd6 Qc4 43. h4 h5 44. Bf4 Qxb4 {#R} 0-1

[Event "SIO (Open)"]
[Site "Twin Falls, ID"]
[Date "2015.11.14"]
[Round "2.1"]
[White "Hawkins, Nicholas B"]
[Black "Morrow, Hans M"]
[Result "1-0"]
[WhiteElo "1713"]
[BlackElo "1900"]
[EventRounds "4"]
[EventCountry "USA"]

1. e4 c5 2. Nf3 d6 3. d4 cxd4 4. Nxd4 Nf6 5. Nc3 a6 6. Bc4 e6 7. f3 Qc7 8. Bb3
Nc6 9. Be3 Be7 10. Qd2 O-O 11. g4 Na5 12. O-O-O Nxb3+ 13. axb3 b5 14. h4 Rd8
15. h5 d5 16. g5 Ne8 17. e5 Bb4 18. g6 Bxc3 19. gxh7+ Kxh7 20. Qd3+ Kg8 21.
bxc3 Bd7 22. f4 Rdc8 23. Kb2 Rab8 24. Nf3 b4 25. c4 Bc6 26. Ng5 dxc4 27. Qh7+
Kf8 28. Bc5+ Nd6 29. Bxd6+ Qxd6 30. exd6 c3+ 31. Kb1 Ke8 32. Qg8+ {#r} 1-0

[Event "FM David Lucky Simul"]
[Site "Boise, ID"]
[Date "2016.01.30"]
[Round "1"]
[White "Lucky, David"]
[Black "Lang, Jamie"]
[Result "1-0"]
[WhiteElo "2381"]
[BlackElo "1448"]
[EventCountry "USA"]

1. Nf3 Nf6 2. d4 e6 3. c4 Bb4+ 4. Bd2 Nc6 5. Bxb4 Nxb4 6. a3 Nc6 7. d5 exd5 8.
cxd5 Ne7 9. Nc3 d6 10. e4 Bg4 11. Be2 O-O 12. O-O c6 13. Qb3 cxd5 14. Nxd5
Nexd5 15. exd5 Qe7 16. Rfe1 b6 17. Nd4 Rfe8 18. h3 Qe4 19. Bb5 Qxe1+ 20. Rxe1
Rxe1+ 21. Kh2 Bd7 22. Bc6 Bxc6 23. dxc6 Rc8 24. Qg3 d5 25. Nf5 g6 26. Qc3 Re6
27. Nd4 Ne4 28. Qb3 Rd6 29. Qb4 Nc5 30. Nb5 Re6 31. Nxa7 Rc7 32. Qxb6 Ree7 33.
Nb5 Na4 34. Qa5 Rxc6 35. Qa8+ Rc8 36. Qxc8+ Kg7 37. Nd4 Nxb2 38. Qc3 Nc4 39.
Nf5+ Kf8 40. Qh8# 1-0

[Event "FM David Lucky Simul"]
[Site "Boise, ID"]
[Date "2016.01.30"]
[Round "2"]
[White "Lucky, David"]
[Black "Zaklan, David"]
[Result "1-0"]
[WhiteElo "2381"]
[BlackElo "1473"]
[EventCountry "USA"]

1. e4 e5 2. Nf3 Nc6 3. d4 d6 4. Nc3 Nf6 5. Bb5 Bd7 6. O-O Be7 7. Bxc6 bxc6 8.
dxe5 dxe5 9. Nxe5 O-O 10. Bg5 Be8 11. Qe2 Qd6 12. Nc4 Qe6 13. Rad1 Bb4 14. Bf4
Rc8 15. Rfe1 Kh8 16. h3 Kg8 17. Bg3 Bc5 18. Qd3 Nh5 19. Bh2 Nf6 20. Ne3 Bb4
21. Nf5 Kh8 22. Qd4 c5 23. Qe5 Bxc3 24. Qxc3 c4 25. Be5 Kg8 26. Bxf6 {#r} 1-0

[Event "FM David Lucky Simul"]
[Site "Boise, ID"]
[Date "2016.01.30"]
[Round "5"]
[White "Lucky, David"]
[Black "Hawkins, Nicholas B"]
[Result "0-1"]
[WhiteElo "2381"]
[BlackElo "1749"]
[EventCountry "USA"]

1. e4 e6 2. d4 d5 3. Nc3 Bb4 4. Nge2 dxe4 5. a3 Ba5 6. b4 Bb6 7. Nxe4 Nc6 8.
Bb2 Nf6 9. Nc5 O-O 10. Qd3 a5 11. b5 Ne7 12. Ng3 c6 13. Be2 Bc7 14. bxc6 Nxc6
15. O-O b6 16. Qf3 bxc5 17. Qxc6 Rb8 18. Rab1 cxd4 19. Rfd1 Bb7 20. Qc4 Qd5
21. Qxd5 Bxd5 22. Bxd4 Ne4 23. Bf3 Rxb1 24. Rxb1 Nd2 25. Rd1 Nxf3+ 26. gxf3
Bxf3 27. Rd3 Rd8 28. Rxf3 Rxd4 29. Rc3 Bd8 30. Kg2 f6 31. Rc8 Kf7 32. c4 Ke7
33. c5 Kd7 34. Ra8 Rc4 35. Nh5 Rxc5 36. Nf4 Bc7 37. Ra7 Rc4 38. Nh5 Rh4 39.
Ng3 Kc6 40. h3 Rd4 41. Nh5 Rd8 42. Kf3 Kb6 43. Rxc7 Kxc7 44. Nxg7 Rd3+ 45. Ke4
Rxh3 46. Nxe6+ Kd6 47. Nd4 Rh4+ 48. f4 Rh5 49. Nf5+ Kc5 50. Ng7 Rh6 51. Ne8
Kc6 52. Kf5 Rh3 53. Nxf6 Kd6 54. a4 Ke7 55. Nd5+ Kf7 56. Nb6 Rh5+ 57. Ke4 Rc5
58. Kd4 Rf5 59. Ke4 Ke6 60. Nc4 h5 61. Ne3 Rc5 62. f5+ Kf6 63. Kf4 Rc1 64.
Nd5+ Kf7 65. Kg5 Rc4 66. Nb6 Rb4 67. Nd7 h4 68. Ne5+ Ke8 69. f6 h3 70. f7+ Kf8
71. Kg6 Rb6+ 72. Kf5 Rd6 73. Nf3 Kxf7 74. Ng5+ Ke7 75. Nxh3 Rd4 76. Ke5 Rxa4
77. Kd5 Rh4 78. Nf2 a4 79. Nd1 a3 80. Nc3 Rh2 81. Kc4 a2 82. Nd5+ Kd6 {#R} 0-1

[Event "FM David Lucky Simul"]
[Site "Boise, ID"]
[Date "2016.01.30"]
[Round "8"]
[White "Lucky, David"]
[Black "Sanderson, Kenneth"]
[Result "1-0"]
[WhiteElo "2381"]
[BlackElo "1416"]
[EventCountry "USA"]

1. Nf3 d5 2. d4 Nf6 3. c4 e6 4. Nc3 dxc4 5. e3 a6 6. Bxc4 b5 7. Bb3 Bb7 8. O-O
c5 9. Qe2 Nbd7 10. Rd1 Qc7 11. e4 Be7 12. e5 Nd5 13. Nxd5 Bxd5 14. Bxd5 exd5
15. e6 Nf6 16. exf7+ Kxf7 17. Ng5+ Ke8 18. Ne6 Qc6 19. Bf4 {#r} 1-0

[Event "FM David Lucky Simul"]
[Site "Boise, ID"]
[Date "2016.01.30"]
[Round "12"]
[White "Lucky, David"]
[Black "Reid, Clinton Morris"]
[Result "1-0"]
[WhiteElo "2381"]
[BlackElo "1518"]
[EventCountry "USA"]

1. d4 d5 2. c4 e6 3. Nc3 Nf6 4. Nf3 c6 5. e3 Bd6 6. Bd3 b6 7. O-O Ba6 8. cxd5
Bxd3 9. Qxd3 cxd5 10. b3 O-O 11. e4 dxe4 12. Nxe4 Nd5 13. Ne5 Qe7 14. Bg5 f6
15. Bh4 Nf4 16. Qf3 g5 17. Nxd6 fxe5 18. Qxa8 gxh4 19. dxe5 Nd7 20. Qb7 Qg5
21. Kh1 Nc5 22. Qc6 Ncd3 23. Nc4 Nh3 24. gxh3 Qf5 25. f4 Kh8 26. Qf3 Rg8 27.
Rad1 Rg3 28. hxg3 Qxh3+ 29. Kg1 hxg3 30. Qa8+ Kg7 31. Qg2 {#r} 1-0

[Event "FM David Lucky Simul"]
[Site "Boise, ID"]
[Date "2016.01.30"]
[Round "17"]
[White "Lucky, David"]
[Black "Aderogba, Temilolulwa"]
[Result "1-0"]
[WhiteElo "2381"]
[BlackElo "1122"]
[EventCountry "USA"]

1. d4 d5 2. c4 c6 3. e3 Nf6 4. Nc3 Bf5 5. cxd5 cxd5 6. Qb3 b6 7. Bb5+ Bd7 8.
Nxd5 Bxb5 9. Qxb5+ Nbd7 10. Nxf6+ exf6 11. Nf3 Bd6 12. Bd2 O-O 13. Rc1 Qe7 14.
O-O Rfe8 15. Rc6 Rec8 16. Rfc1 Rxc6 17. Qxc6 Qf8 18. Qxd7 h6 19. g3 Kh7 20.
Rc6 Be7 21. Kg2 h5 22. e4 g6 23. e5 fxe5 24. dxe5 Kg8 25. e6 fxe6 26. Rxe6 Re8
27. Rxg6+ Kh7 28. Re6 Kg8 29. Qd5 Qf7 30. Rg6+ Kf8 31. Bh6+ Qg7 32. Bxg7# 1-0

[Event "FM David Lucky Simul"]
[Site "Boise, ID"]
[Date "2016.01.30"]
[Round "18"]
[White "Lucky, David"]
[Black "Hollist, Celleste"]
[Result "1-0"]
[WhiteElo "2381"]
[BlackElo "733"]
[EventCountry "USA"]

1. e4 e5 2. Nf3 Nc6 3. d4 exd4 4. Nxd4 Nxd4 5. Qxd4 d6 6. Nc3 Be6 7. Bc4 Bxc4
8. Qxc4 Nf6 9. Bg5 Be7 10. Rd1 O-O 11. O-O c6 12. e5 Ne8 13. Bxe7 Qxe7 14.
exd6 Nxd6 15. Qb4 Rad8 16. Rfe1 Qc7 17. h3 Nf5 18. Qc5 Nd6 19. Qxa7 Rfe8 20.
Qc5 Rxe1+ 21. Rxe1 g6 22. Nd5 Qb8 23. Nf6+ Kg7 24. Qe5 Rf8 25. Nd7+ Kg8 26.
Nxb8 Rxb8 27. Qxd6 Rf8 28. Qf6 c5 29. Re7 b5 30. h4 c4 31. g4 b4 32. h5 c3 33.
h6 cxb2 34. Qg7# 1-0

[Event "FM David Lucky Simul"]
[Site "Boise, ID"]
[Date "2016.01.30"]
[Round "20"]
[White "Lucky, David"]
[Black "Hollist, Sara"]
[Result "1-0"]
[WhiteElo "2381"]
[BlackElo "364"]
[EventCountry "USA"]

1. d4 Nf6 2. Nf3 Nc6 3. d5 Nb4 4. c4 e6 5. a3 Na6 6. Nc3 exd5 7. cxd5 Bc5 8.
Bg5 d6 9. e4 O-O 10. Be2 Bg4 11. O-O c6 12. dxc6 bxc6 13. Bxa6 Qd7 14. Bxf6
gxf6 15. h3 Be6 16. Nd4 d5 17. exd5 cxd5 18. Nxe6 fxe6 19. b4 Be7 20. Re1 Rad8
21. Qg4+ Kf7 22. Bd3 Rg8 23. Qh5+ Kf8 24. Qxh7 Rg7 25. Qh8+ Rg8 26. Qh6+ Rg7
27. Re3 Qe8 28. Rxe6 Rd6 29. Rae1 Qf7 30. Rxe7 Qg8 31. Re8+ Kf7 32. R1e7# 1-0

[Event "Idaho Closed"]
[Site "Twin Falls, ID"]
[Date "2016.02.13"]
[Round "1.3"]
[White "Glenn, John Dennis"]
[Black "Nyblade, Wesley"]
[Result "1/2-1/2"]
[WhiteElo "1855"]
[BlackElo "1474"]
[EventRounds "6"]
[EventCountry "USA"]

1. d4 Nf6 2. c4 d6 3. Nc3 g6 4. e4 Bg7 5. f3 O-O 6. Be3 Re8 7. Qd2 e5 8. d5
Nbd7 9. Nge2 b6 10. g4 Nc5 11. Ng3 Bb7 12. O-O-O Qd7 13. Kb1 Ba6 14. b3 Reb8
15. h4 Bb7 16. h5 a5 17. hxg6 fxg6 18. g5 Ne8 19. Rh4 Qf7 20. Qg2 Nd7 21. Be2
c6 22. Qh2 Nf8 23. dxc6 Bxc6 24. Nh1 Rb7 25. Nf2 Rc8 26. Qh1 Bh8 27. Ng4 Bg7
28. Bc1 a4 29. b4 b5 30. cxb5 Bd7 31. Nd5 Bxb5 32. Bxb5 Rxb5 33. Qf1 Rcb8 34.
a3 Ne6 35. Be3 N6c7 36. Qc4 Nxd5 37. Rxd5 Rxd5 38. Qxd5 Qxd5 39. exd5 Nc7 40.
Rh2 Nxd5 41. Rc2 Nb6 42. Bxb6 Rxb6 43. Rc8+ Kf7 44. Rc7+ {#d} 1/2-1/2

[Event "Idaho Closed"]
[Site "Twin Falls, ID"]
[Date "2016.02.13"]
[Round "2.1"]
[White "Naccarato, Savanna"]
[Black "Lucky, David"]
[Result "0-1"]
[WhiteElo "1699"]
[BlackElo "2381"]
[EventRounds "6"]
[EventCountry "USA"]

1. d4 Nf6 2. Bg5 c5 3. d5 Qb6 4. Bxf6 Qxf6 5. Nc3 g6 6. e4 Bg7 7. Nge2 O-O 8.
g3 Qf3 9. Rg1 d6 10. Bg2 Qf6 11. Qd2 b5 12. a3 Nd7 13. Rb1 Ne5 14. b3 Nf3+ 15.
Bxf3 Qxf3 16. Qd3 Qh5 17. h4 b4 18. axb4 cxb4 19. Nd1 a5 20. Qe3 Ba6 21. f3
Rfc8 22. c4 bxc3 23. Nexc3 Qe5 24. Na4 Rc2 25. Ndc3 Qd4 26. Qxd4 Bxd4 27. Rh1
Bxc3+ 28. Nxc3 Rxc3 29. Kf2 Rb8 30. f4 Bd3 31. e5 Bxb1 {#R} 0-1

[Event "Idaho Closed"]
[Site "Twin Falls, ID"]
[Date "2016.02.14"]
[Round "3.1"]
[White "Lucky, David"]
[Black "Hawkins, Nicholas B"]
[Result "1-0"]
[WhiteElo "2381"]
[BlackElo "1749"]
[EventRounds "6"]
[EventCountry "USA"]

1. Nf3 Nf6 2. d4 e6 3. c4 c5 4. e3 cxd4 5. exd4 d5 6. Nc3 Nc6 7. cxd5 Nxd5 8.
Bd3 Be7 9. O-O O-O 10. a3 a6 11. Bc2 b5 12. Qd3 g6 13. Bh6 Re8 14. Ne4 Nf6 15.
Rfd1 Nxe4 16. Qxe4 Bb7 17. Qf4 Bf8 18. Ng5 Qe7 19. Bxf8 Qxf8 20. Ne4 Red8 21.
Bb3 Ne7 22. Nf6+ Kh8 23. Rac1 Rac8 24. Rc7 Rxc7 25. Qxc7 Bd5 26. Nxd5 Nxd5 27.
Qc6 Rd6 28. Qb7 Nf6 29. Rc1 Kg7 30. Rc8 Rd8 31. Bxe6 Rxc8 32. Bxc8 Qd6 33.
Qxa6 Qxd4 34. Qxb5 Qd1+ 35. Qf1 Qc2 36. Ba6 Qxb2 37. a4 Qe5 38. g3 h5 39. Bb7
h4 40. Qb5 Qe1+ 41. Kg2 Qe6 42. Bf3 h3+ 43. Kf1 Ng4 44. Kg1 Qe1+ 45. Qf1 Nxh2
46. Qxe1 Nxf3+ 47. Kh1 Nxe1 48. a5 Nd3 49. a6 Nxf2+ 50. Kg1 Ne4 51. Kh2 Ng5
52. a7 Kh7 53. a8=Q Kg7 54. Qd5 Kh6 55. g4 Ne6 56. Qd2+ Ng5 57. Qf4 {#r} 1-0

[Event "Idaho Closed"]
[Site "Twin Falls, ID"]
[Date "2016.02.14"]
[Round "4.7"]
[White "Glenn, John Dennis"]
[Black "Douglas, Kurt P"]
[Result "1/2-1/2"]
[WhiteElo "1855"]
[BlackElo "1646"]
[EventRounds "6"]
[EventCountry "USA"]

1. d4 d5 2. Bf4 Nf6 3. e3 e6 4. Nf3 c5 5. c3 Nbd7 6. Nbd2 Be7 7. h3 O-O 8. Bd3
b6 9. Ne5 Bb7 10. Qf3 Rc8 11. O-O h6 12. g4 cxd4 13. exd4 Nh7 14. Rad1 Nxe5
15. Bxe5 Bd6 16. Bxh7+ Kxh7 17. Qd3+ Kg8 18. Nf3 f6 19. Bxd6 Qxd6 20. Rfe1
Rce8 21. Qg6 Qf4 22. Re3 e5 23. Nh4 e4 24. Nf5 Qg5 25. Qxg5 {#d} 1/2-1/2